Fill in the blanks Simpsons episodes in season 21 Quiz Stats

 Plays Quiz not verified by Sporcle

Challenge
Share
Tweet
Embed
Score 0/23 Timer 04:00
0 Plays Today
% Correct
Thou
100%
Horror
96.6%
Nada
96.6%
Broomsticks
96.6%
Springfield
93.1%
Door
93.1%
Tender
93.1%
Z
89.7%
Abie
89.7%
Maybe
89.7%
Curl
89.7%
Yellow
86.2%
% Correct
Wedge
86.2%
D'ohed
86.2%
Whale
86.2%
Base
82.8%
X-Cellent
82.8%
Blues
82.8%
Love
79.3%
Hope
72.4%
Hearts
72.4%
Whopper
69%
Greens
62.1%

You're not logged in!

Compare scores with friends on all Sporcle quizzes.
Join for Free
OR
Log In

You Might Also Like...

Show Comments

Extras

Top Quizzes Today


Score Distribution

Your Account Isn't Verified!

In order to create a playlist on Sporcle, you need to verify the email address you used during registration. Go to your Sporcle Settings to finish the process.

Report this User

Report this user for behavior that violates our Community Guidelines.

Details: